000 00502nam a2200169Ia 4500
005 20250508151419.0
008 008 250505s9999 xx 000 0 eng d
037 _aTextual
040 _aFEDL
_beng
_cFEDL
041 _aeng
_2eng
084 _a632.058, UNI
_qFEDL
245 0 _aPlant diseases the yearbook of agriculture
260 _aWashington, USA
_bUnited States Department of Agriculture
_c1953
300 _a940p.
942 _cTEXL
_h632.058, UNI
999 _c1329623
_d1329623